| 000 | 01083cam a2200349 4500 | ||
|---|---|---|---|
| 008 | 090401t1986 xxu||||| |||| 00| 0 eng d | ||
| 020 | _a1852630019 | ||
| 035 | _a(Sirsi) u40898 | ||
| 041 | _aeng | ||
| 050 |
_a338.4369 _c18 |
||
| 100 | _aFlanagan, Roger | ||
| 245 | 2 |
_aA fresh look at the UK and USbuilding industries _ba report |
|
| 260 |
_aLondon _bBuilding Employers Confederation _c1986 |
||
| 300 |
_a62p. _bill. _c30cm. |
||
| 350 | _a21.50 | ||
| 505 | _aThe need for a futher comparison | ||
| 505 | _aAn economic perspective | ||
| 505 | _aConstruction and the client | ||
| 505 | _aGetting buildings designed | ||
| 505 | _aBuildings approvals | ||
| 505 | _aThe speed of construction | ||
| 505 | _aThe construction process and the site | ||
| 505 | _aComparing construction prices | ||
| 650 | _aUNITED STATES | ||
| 690 | _aBUILT ENVIRONMENT | ||
| 700 | _aNorman, George | ||
| 700 | _aIreland, Vernon | ||
| 700 | _aOrmerod, Richard | ||
| 710 |
_aUniversity of Reading _bDepartment of Construction Management _94733 |
||
| 942 | _n0 | ||
| 948 | _c04/03/1997 | ||
| 999 |
_c90892 _d90892 |
||